000 00686nam a2200181 i 4500
001 32685
003 ES-MaACL
005 20230906154621.0
007 t|
008 030131s1969 sp ||||1| spa d
100 1 _aBernal Nievas, Julián.
_928202
245 1 0 _aMarchas sistemáticas de semi-micro análisis /
_cDirector, Julián Bernal Nievas ; adjunto, José Luis Aznarez Alduan, Pedro José Montaner de Sagasti.
260 _aZaragoza :
_bUniversidad de Zaragoza, Facultad de Ciencias,
_c[1969]
300 _a115 p. :
_bil. ;
_c24 cm.
700 1 _aAznarez Alduan, José Luis.
_924324
700 1 _aMontaner de Sagasti, Pedro José.
_982379
852 _aES-MaACL
_jC-41735
_bR.72502
999 _c32685
_d32685